000 004590000a22001810004500
003 MACL
005 20160128132528.0
008 160128b xxu||||| |||| 00| 0 eng d
040 _aMACL
_cMACL
041 _aEnglish
082 _a355.6
100 _aKhanna, Sharma
_933224
245 _aCDS Combined Defence Services Examintion
260 _aDelhi
_bKumar Publications
_c2003
350 _a210
650 _aMilitery Science
_9301
942 _cBK
_k355.6
_2ddc
999 _c49045
_d49045